| 000 | 00636nam a2200181Ia 4500 | ||
|---|---|---|---|
| 008 | 090630s9999 xx 000 0 und d | ||
| 082 | _b25489 | ||
| 100 | _aकुंटे जगन्नाथ. | ||
| 245 |
_aनर्मदे हर हर. _cकुंटे जगन्नाथ. |
||
| 260 |
_bप्राजक्त - पुणे. _c2006 |
||
| 300 | _a256 | ||
| 600 | _aकुंटे जगन्नाथ. | ||
| 630 | _aनर्मदे हर हर. | ||
| 655 | _aप्रवास. | ||
| 700 | _aकुंटे जगन्नाथ. | ||
| 730 | _aनर्मदे हर हर. | ||
| 942 | _cBOOK | ||
| 999 |
_c277345 _d277345 |
||